Najczęściej używani piłkarze w FIFA 21 - Statystyki

Ogólne statystyki
  • Ten quiz został rozwiązany 3 552 razy
  • Średni wynik to 5 z 11
Statystyki odpowiedzi
Pozycja Piłkarz % Poprawnych
LO Mendy
77%
ŚO Varane
76%
ŚPD Kante
64%
ŚO Gomez
58%
BR Alisson
56%
ŚP Pogba
38%
LS Rashford
37%
N Martial
24%
PO Semedo
24%
PP Lucas
16%
N Aubameyang
11%
Nie znaleziono quizów pasujących do podanych kryteriów
Rozkład punktacji
Procent ludzi z każdym wynikiem
Percentyl według liczby udzielonych odpowiedzi
Twoja historia wyników
Nie rozwiązałeś tego quizu